| 000 | 00337nam a2200133 i 4500 | ||
|---|---|---|---|
| 001 | bg | ||
| 100 | 1 | _aQUINN, T. F. J. | |
| 245 | 0 |
_aThe Application of Modern Physical Techniques to Tribology / _cT.F.J. Quinn. |
|
| 260 |
_aLondon, _c1971. |
||
| 040 | _cBPK | ||
| 041 | _apol | ||
| 942 | _cKS | ||
| 008 | s pl f |000 0 pol | ||
| 999 |
_c15541 _d15541 |
||
| 856 |
_uhttp://koha.tu.koszalin.pl/cgi-bin/koha/opac-detail.pl?biblionumber=15541 _yKatalog online BPK |
||